[Event "AUTO-ELITE-496"]
[Site "http://www.queenalice.com/game.php?id=798047"]
[Date "2010.7.3"]
[Round "2"]
[White "Panter"]
[Black "Pinocchio"]
[Result "1-0"]
[WhiteElo "2391"]
[BlackElo "2320"]

1. e4 e5 2. Nf3 Nc6 3. Bc4 Nf6 4. d3 Bc5 5. c3 d6 6. O-O O-O 7. Nbd2 Bb6 8. Bb3
Na5 9. Bc2 Be6 10. b4 Nc6 11. Nc4 Bxc4 12. dxc4 a5 13. c5 dxc5 14. b5 Na7 15.
Qe2 Qe7 16. Bb2 c6 17. a4 cxb5 18. axb5 Nh5 19. g3 Bc7 20. Rfd1 b6 21. c4 Rad8
22. Nh4 Nf4 23. Qg4 Qg5 24. Qxg5 Nh3+ 25. Kg2 Nxg5 26. Nf5 Nc8 27. f4 exf4 28.
Bxg7 Rfe8 29. Bf6 Rxd1 30. Rxd1 f3+ 31. Kf2 Ne6 32. Rd7 Kf8 33. Nh6 Re7 34.
Bxe7+ Nxe7 35. Kxf3 Nd4+ 36. Kf2 Nxc2 37. Rxc7 Na3 38. Ke2 Nxc4 39. Rb7 Ke8 40.
Ng4 Nc8 41. e5 Kd8 42. Kd3 h5 43. Kxc4 hxg4 44. Rxf7 Ne7 45. Rf6 Kc7 46. Re6 Nf5
47. Rc6+ Kb7 48. Rf6 Ne3+ 49. Kd3 Nd5 50. Rd6 Nc7 51. e6 Nxb5 52. Rd8 c4+ 53.
Kxc4 Nc7 54. e7 Kc6 55. e8=Q+ Nxe8 56. Rxe8 b5+ 57. Kb3 b4 58. Rg8 a4+ 59. Kxb4
1-0

[Event "Monxu Cup"]
[Site "http://www.queenalice.com/game.php?id=798937"]
[Date "2010.7.5"]
[Round "1"]
[White "Rafvanmar"]
[Black "Pinocchio"]
[Result "1-0"]
[WhiteElo "2358"]
[BlackElo "2324"]

1. d4 d5 2. c4 dxc4 3. e4 Nf6 4. e5 Nd5 5. Bxc4 Nb6 6. Bd3 Nc6 7. Be3 Be6 8. Nc3
Nb4 9. Be4 c6 10. Nf3 Bc4 11. a3 N4d5 12. e6 Nxe3 13. exf7+ Bxf7 14. fxe3 Nc4
15. Ng5 Bg8 16. Qh5+ Kd7 17. O-O Kc7 18. Rf7 Kb8 19. Raf1 Bxf7 20. Nxf7 g6 21.
Qc5 Qc8 22. Qxc4 Rg8 23. Nd8 Qxd8 24. Qxg8 Kc7 25. Qxh7 Rc8 26. Qxg6 Kb8 27. Bf5
1-0

[Event "AUTO-ELITE-553"]
[Site "http://www.queenalice.com/game.php?id=832533"]
[Date "2010.9.13"]
[Round "2"]
[White "patoche"]
[Black "Pinocchio"]
[Result "1-0"]
[WhiteElo "2468"]
[BlackElo "2345"]

1. e4 e5 2. Bc4 Nf6 3. d4 Nxe4 4. dxe5 Qh4 5. Bxf7+ Kxf7 6. g3 Nxg3 7. Qd5+ Ke8
8. hxg3 Qa4 9. Nc3 Qxc2 10. Nf3 c6 11. Qc4 b5 12. Qg4 b4 13. Ne4 Ba6 14. Nd4 Qc4
15. Be3 Qd5 16. O-O-O Qxa2 17. e6 Qc4+ 18. Kb1 Qd5 19. Rh5 Be2 20. f3 Bd3+ 21.
Rxd3 Qc4 22. Rd1 b3 23. Rf5 1-0

[Event "AUTO-ELITE-553"]
[Site "http://www.queenalice.com/game.php?id=832534"]
[Date "2010.9.13"]
[Round "2"]
[White "Pinocchio"]
[Black "patoche"]
[Result "0-1"]
[WhiteElo "2327"]
[BlackElo "2487"]

1. e4 Nc6 2. Nf3 f5 3. exf5 d5 4. Bb5 Bxf5 5. Ne5 Bd7 6. Bxc6 Bxc6 7. Nxc6 bxc6
8. O-O g6 9. d4 Bg7 10. Re1 Nf6 11. Qe2 O-O 12. c3 Qd6 13. Qe6+ Rf7 14. f3 c5
15. dxc5 Qxc5+ 16. Be3 Qd6 17. Bf2 Rb8 18. Bxa7 Rxb2 19. a4 Qxe6 20. Rxe6 Nh5
21. Be3 Rf8 22. Rxe7 Bf6 23. Rxc7 Re8 24. Bf2 Ree2 25. g4 Rxf2 26. gxh5 Be5 27.
Rc8+ Kg7 28. Na3 Rg2+ 29. Kh1 Rxh2+ 30. Kg1 Rbg2+ 31. Kf1 Rf2+ 32. Kg1 Rhg2+ 33.
Kh1 Rg5 0-1

[Event "AUTO-ELITE-553"]
[Site "http://www.queenalice.com/game.php?id=832535"]
[Date "2010.9.13"]
[Round "2"]
[White "stan"]
[Black "Pinocchio"]
[Result "1-0"]
[WhiteElo "2410"]
[BlackElo "2337"]

1. d4 Nf6 2. c4 d5 3. cxd5 e6 4. dxe6 Bxe6 5. Nc3 Bb4 6. a3 Bxc3+ 7. bxc3 O-O 8.
Nf3 Ne4 9. e3 f5 10. Qc2 Nd7 11. Bd3 Re8 12. O-O Bf7 13. Nd2 Qh4 14. f3 Nd6 15.
e4 f4 16. e5 Nxe5 17. dxe5 Rxe5 18. Ne4 Rh5 19. h3 Rd5 20. Bb2 Rd8 21. c4 Rxd3
22. Qxd3 Nxc4 23. Qc3 Nxb2 24. Qxb2 b6 25. Rad1 Qe7 26. Rxd8+ Qxd8 27. Qe5 c5
28. Qxf4 Qd4+ 29. Kh2 Qd8 30. Rd1 Qf8 31. Qc7 Be8 32. Rd8 1-0

[Event "AUTO-ELITE-553"]
[Site "http://www.queenalice.com/game.php?id=832536"]
[Date "2010.9.13"]
[Round "2"]
[White "Pinocchio"]
[Black "stan"]
[Result "0-1"]
[WhiteElo "2318"]
[BlackElo "2418"]

1. e4 Nc6 2. Nf3 d6 3. d4 Nf6 4. Bb5 a6 5. Bxc6+ bxc6 6. Nc3 g6 7. O-O Bg7 8.
Bg5 O-O 9. Qd3 Be6 10. Rad1 Qb8 11. e5 Nd5 12. Nxd5 cxd5 13. Qc3 f6 14. exf6
exf6 15. Rfe1 Re8 16. Bf4 Qb7 17. Kh1 Bd7 18. b3 Re4 19. Be3 Rae8 20. Nd2 R4e7
21. Qa5 Bg4 22. Rc1 f5 23. Nf1 Qb5 24. Qxb5 axb5 25. h3 f4 26. hxg4 fxe3 27.
Nxe3 Bxd4 28. a4 bxa4 29. bxa4 Bc3 30. Red1 c6 31. Rd3 d4 32. Nd1 Re1+ 33. Kh2
c5 34. Rb1 c4 35. Rf3 d3 36. Nxc3 dxc2 37. Rxe1 Rxe1 38. Na2 Ra1 39. Rc3 Rxa2
40. Rxc4 d5 41. Rc8+ Kf7 42. Kg3 d4 43. Kf4 d3 0-1

[Event "AUTO-ELITE-701"]
[Site "http://www.queenalice.com/game.php?id=893235"]
[Date "2011.1.30"]
[Round "1"]
[White "faustinho"]
[Black "Pinocchio"]
[Result "1-0"]
[WhiteElo "2317"]
[BlackElo "2298"]

1. Nf3 Nf6 2. g3 Nc6 3. d4 d5 4. Bg2 Bf5 5. O-O e6 6. c4 dxc4 7. Qa4 Qd7 8. Nc3
Be7 9. Qxc4 O-O 10. Bf4 Rab8 11. Ne5 Qxd4 12. Qxd4 Nxd4 13. Rad1 Bc5 14. Rd2
Rbd8 15. Rfd1 Nc6 16. Nxc6 Rxd2 17. Rxd2 bxc6 18. Bxc6 Bb6 19. Kg2 Nh5 20. Be5
f6 21. Bd4 g5 22. Bxb6 cxb6 23. Rd6 Ng7 24. Nb5 Rc8 25. Nxa7 Rc7 26. Rd7 Rxc6
27. Nxc6 Be4+ 28. f3 Bxc6 29. Rd6 Bd5 30. b3 Nf5 31. Rd8+ Kf7 32. e4 Ne3+ 33.
Kf2 Nd1+ 34. Ke1 Nc3 35. exd5 Nxd5 36. Rd7+ Kg6 37. g4 h6 38. a4 h5 39. gxh5+
1-0

[Event "AUTO-ELITE-701"]
[Site "http://www.queenalice.com/game.php?id=893236"]
[Date "2011.1.30"]
[Round "1"]
[White "Pinocchio"]
[Black "faustinho"]
[Result "0-1"]
[WhiteElo "2310"]
[BlackElo "2305"]

1. e4 c5 2. Nf3 d6 3. d4 cxd4 4. Bb5+ Bd7 5. Bxd7+ Nxd7 6. Nxd4 Ngf6 7. Nc3 g6
8. O-O Rc8 9. Be3 Bg7 10. f3 Ne5 11. Nde2 O-O 12. Bxa7 b6 13. Qd4 Nfd7 14. Qa4
Nc6 15. Nd5 e6 16. Nb4 Nxb4 17. Qxb4 Qc7 18. Bxb6 Nxb6 19. c3 Nc4 20. b3 Qa7+
21. Kh1 Ne3 22. Rfc1 Qa6 23. Nd4 Rc5 24. h3 Rfc8 25. a4 Qd3 26. Nb5 Qe2 27. Rg1
Rh5 28. Qxd6 Be5 29. Qxe5 Rxe5 30. Rae1 Qd2 0-1

[Event "AUTO-ELITE-701"]
[Site "http://www.queenalice.com/game.php?id=893241"]
[Date "2011.1.30"]
[Round "1"]
[White "insomnia69"]
[Black "Pinocchio"]
[Result "1-0"]
[WhiteElo "2388"]
[BlackElo "2287"]

1. d4 Nf6 2. c4 g6 3. Nc3 Bg7 4. Nf3 O-O 5. Bg5 c5 6. e3 cxd4 7. exd4 d5 8. Bxf6
exf6 9. Nxd5 Be6 10. Ne3 f5 11. Be2 Qa5+ 12. Qd2 Qxd2+ 13. Kxd2 Rd8 14. Nc2 Na6
15. Bd3 Rac8 16. b3 b5 17. cxb5 Nc7 18. Bc4 Bh6+ 19. Kd3 Nd5 20. Ne3 Nf4+ 21.
Kc2 Nd5 22. Nxd5 Bxd5 23. Kc3 Rc7 24. Rhd1 Rdc8 25. Kb4 Bxc4 26. bxc4 Rxc4+ 27.
Ka5 Bf4 28. Ne5 Bxe5 29. dxe5 Rc2 30. Ka6 R8c5 31. f4 g5 32. a4 gxf4 33. Kxa7
Rxe5 34. Ka6 Rxg2 35. Rg1 Re6+ 36. b6 Rgg6 37. a5 f3 38. Ka7 f2 39. Rgf1 Kf8 40.
Rxf2 Ref6 41. Rb2 1-0

[Event "AUTO-ELITE-701"]
[Site "http://www.queenalice.com/game.php?id=893242"]
[Date "2011.1.30"]
[Round "1"]
[White "Pinocchio"]
[Black "insomnia69"]
[Result "1/2-1/2"]
[WhiteElo "2278"]
[BlackElo "2412"]

1. e4 d6 2. Nc3 Nf6 3. Nf3 g6 4. d4 Bg7 5. Bg5 c6 6. Be2 d5 7. exd5 cxd5 8. O-O
O-O 9. Re1 Ne4 10. Qc1 Nxg5 11. Qxg5 Bf5 12. Rac1 Nc6 13. Qf4 a6 14. a3 Rc8 15.
Bf1 e6 16. Ne2 Re8 17. c3 Qb6 18. b4 Qc7 19. Qg5 e5 20. dxe5 Nxe5 21. Nxe5 Rxe5
22. Qd2 b5 23. g3 Bf6 24. Nd4 Rxe1 25. Rxe1 Qxc3 26. Qxc3 Rxc3 27. Nxf5 gxf5 28.
Re8+ Kg7 29. Ra8 Rc6 30. Bh3 Bb2 31. Bxf5 Bxa3 32. Bd7 Rb6 33. Bc8 Bxb4 34. Rxa6
Rb8 35. Bf5 Be7 36. Ra7 b4 37. Bc2 Bc5 38. Rc7 Bd4 39. Bb3 Rd8 40. Rb7 Bc3 41.
f4 Kf6 42. Kf2 Ke6 43. Ke2 h5 44. Kf3 Kf6 45. Rb6+ Ke7 46. Rh6 d4 47. Rh7 Kf6
48. Rxf7+ 1/2-1/2

[Event "AUTO-ELITE-534"]
[Site "http://www.queenalice.com/game.php?id=913058"]
[Date "2011.3.15"]
[Round "2"]
[White "Pinocchio"]
[Black "LoveChess"]
[Result "0-1"]
[WhiteElo "2282"]
[BlackElo "2738"]

1. e4 e5 2. Nf3 Nc6 3. Bc4 Bc5 4. O-O Nf6 5. d4 Bxd4 6. Nxd4 Nxd4 7. Be3 Nc6 8.
Nc3 d6 9. f3 h6 10. a3 O-O 11. Qd3 a6 12. Nd5 Nxd5 13. Bxd5 Ne7 14. f4 Nxd5 15.
exd5 Re8 16. fxe5 dxe5 17. c4 Bg4 18. Rf2 Qd7 19. Re1 Bh5 20. Bd2 Bg6 21. Qg3 b5
22. Rxe5 bxc4 23. Rfe2 Kh7 24. Qf4 Rxe5 25. Qxe5 f6 26. Qd4 Rb8 27. Bb4 Re8 28.
Qxc4 Rxe2 29. Qxe2 Qxd5 30. Qe3 Qd1+ 31. Kf2 Qc2+ 32. Qe2 Qf5+ 33. Kg1 Qb1+ 34.
Kf2 Bd3 35. Qd2 Qf1+ 36. Kg3 Qf5 37. Qf4 Qd5 0-1

[Event "AUTO-ELITE-534"]
[Site "http://www.queenalice.com/game.php?id=913059"]
[Date "2011.3.15"]
[Round "2"]
[White "LoveChess"]
[Black "Pinocchio"]
[Result "1-0"]
[WhiteElo "2736"]
[BlackElo "2283"]

1. c4 Nf6 2. Nc3 d5 3. cxd5 Nxd5 4. g3 e6 5. Bg2 Be7 6. Nf3 O-O 7. O-O c5 8. d4
Nc6 9. e4 Nxc3 10. bxc3 cxd4 11. cxd4 b6 12. d5 exd5 13. exd5 Nb4 14. Ne5 Bb7
15. Nc6 Nxc6 16. dxc6 Ba6 17. Bf4 Bxf1 18. Qxf1 Qd4 19. c7 Rac8 20. Bb7 Rce8 21.
Re1 g5 22. Bxg5 Bxg5 23. Rxe8 Rxe8 24. Qb5 Kf8 25. Qxg5 Qa1+ 26. Kg2 Qxa2 27.
Bc6 Qc2 28. Qh6+ Kg8 29. Qd6 Rc8 30. Qd7 Rxc7 31. Qxc7 Qg6 32. Bd5 a5 33. Bc6
Qb1 34. h4 Qb4 35. Bd5 Qf8 36. h5 h6 37. Qxb6 a4 38. Qg6+ 1-0

[Event "Monxu Cup"]
[Site "http://www.queenalice.com/game.php?id=939771"]
[Date "2011.5.18"]
[Round "4"]
[White "Pinocchio"]
[Black "frank_lasker"]
[Result "1-0"]
[WhiteElo "2282"]
[BlackElo "1879"]

1. d4 d5 2. Bf4 e6 3. Nf3 f5 4. Nc3 c5 5. e3 Nf6 6. Nb5 Qa5+ 7. b4 Qxb4+ 8. c3
Qb2 9. Nc7+ Kd7 10. Rc1 Bd6 11. Bxd6 Kxd6 12. Nb5+ Kd7 13. Rc2 Qxc2 14. Qxc2 a6
15. Qa4 Ne4 16. Ne5+ Ke7 17. Nc7 Ra7 18. f3 Nxc3 19. Qa5 b5 20. Qb6 Rb7 21.
Qxc5+ Kf6 22. Qxc3 Bd7 23. Qc5 Rc8 24. Nxd5+ Kg5 25. Qe7+ Kh5 26. Nf4+ 1-0

[Event "AUTO-MASTER-2545"]
[Site "http://www.queenalice.com/game.php?id=1457143"]
[Date "2016.12.30"]
[Round "1"]
[White "chessman"]
[Black "Pinocchio"]
[Result "1-0"]
[WhiteElo "1865"]
[BlackElo "2214"]

1. e4 e5 2. Nf3 Nc6 3. d4 exd4 4. Nxd4 Qh4 5. Qd3 Nb4 6. Qe2 Nf6 7. Nc3 Bc5 8.
Nf3 Nxc2+ 9. Qxc2 Bxf2+ 10. Qxf2 Qxf2+ 11. Kxf2 Ng4+ 12. Ke1 d6 13. h3 O-O 14.
hxg4 Bxg4 15. Kf2 Rfe8 16. Be2 f5 17. exf5 Bxf5 18. Bf4 a6 19. Nd5 Rac8 20. Rae1
1-0

[Event "AUTO-MASTER-2545"]
[Site "http://www.queenalice.com/game.php?id=1457144"]
[Date "2016.12.30"]
[Round "1"]
[White "Pinocchio"]
[Black "chessman"]
[Result "0-1"]
[WhiteElo "2192"]
[BlackElo "1895"]

1. d4 d5 2. c4 c6 3. cxd5 cxd5 4. Nc3 e6 5. Nf3 Nf6 6. Bg5 Be7 7. Ne5 Nc6 8. e3
O-O 9. Be2 Nxe5 10. dxe5 Nd7 11. Bxe7 Qxe7 12. O-O Nxe5 13. f4 Nc4 14. Bxc4 dxc4
15. Qd4 Qc7 16. Nb5 Qc6 17. Nd6 b5 18. Nxc8 Rfxc8 19. Rac1 Qc5 0-1

[Event "AUTO-MASTER-2545"]
[Site "http://www.queenalice.com/game.php?id=1457157"]
[Date "2016.12.30"]
[Round "1"]
[White "Pinocchio"]
[Black "madriles"]
[Result "0-1"]
[WhiteElo "2171"]
[BlackElo "2066"]

1. e4 c5 2. Nf3 d6 3. d4 Nc6 4. d5 Nb8 5. Nc3 Nf6 6. e5 Ng4 7. h3 Nxe5 8. Nxe5
dxe5 9. Bb5+ Bd7 10. Bxd7+ Qxd7 11. f4 e6 12. dxe6 Qxe6 0-1

[Event "AUTO-MASTER-2545"]
[Site "http://www.queenalice.com/game.php?id=1457158"]
[Date "2016.12.30"]
[Round "1"]
[White "madriles"]
[Black "Pinocchio"]
[Result "1-0"]
[WhiteElo "2086"]
[BlackElo "2156"]

1. d4 Nf6 2. c4 g6 3. Nf3 Bg7 4. Nc3 d6 5. e3 Nc6 6. h3 Bf5 7. Bd3 Nb4 8. Bxf5
gxf5 9. O-O Ne4 10. Nxe4 fxe4 11. Nd2 Nd3 12. Nxe4 Nxc1 13. Rxc1 O-O 14. b3 1-0

[Event "AUTO-MASTER-2545"]
[Site "http://www.queenalice.com/game.php?id=1457159"]
[Date "2016.12.30"]
[Round "1"]
[White "Pinocchio"]
[Black "Bruscato"]
[Result "0-1"]
[WhiteElo "2231"]
[BlackElo "2077"]

1. d4 c5 2. d5 e5 3. e4 d6 4. c4 Nd7 5. Nc3 Ngf6 6. Bg5 Be7 7. Nf3 h6 8. Be3 O-O
9. Be2 a6 10. O-O Rb8 11. a4 Qc7 12. b3 Re8 13. Nh4 Nf8 14. Nf5 Kh7 15. Bh5 Bxf5
16. Bxf7 Red8 17. f4 Bg6 18. Bxg6+ Kxg6 19. f5+ Kh7 20. Ne2 b5 0-1

[Event "AUTO-MASTER-2545"]
[Site "http://www.queenalice.com/game.php?id=1457160"]
[Date "2016.12.30"]
[Round "1"]
[White "Bruscato"]
[Black "Pinocchio"]
[Result "1-0"]
[WhiteElo "2053"]
[BlackElo "2249"]

1. e4 e5 2. f4 Bc5 3. Nf3 d6 4. c3 Bg4 5. h3 Bh5 6. g4 Bg6 7. f5 Bxf5 8. gxf5
Nf6 9. d4 Nxe4 10. dxc5 Nxc5 11. Rg1 g6 12. Be3 e4 13. Bxc5 exf3 14. Bf2 Qe7+
15. Kd2 O-O 16. Qxf3 Nc6 17. f6 Qe6 18. Na3 Rfd8 19. Bc4 Qe5 20. Rae1 1-0